software engineering: A practitioner's approach (Record no. 19257)

MARC details
000 -LEADER
fixed length control field 00506nam a2200181Ia 4500
008 - FIXED-LENGTH DATA ELEMENTS--GENERAL INFORMATION
fixed length control field 230917s9999||||xx |||||||||||||| ||und||
020 ## - ISBN
Price RS795
040 ## - CATALOGING SOURCE
-- 234960
Original cataloging agency VIVEKANANDA LIBRARY
041 ## - Language
-- English
082 ## - DDC NUMBER
Classification number 005.1 P926S(8)
100 ## - MAIN ENTRY--PERSONAL NAME
Personal name Pressman, Roger S
245 #0 - TITLE STATEMENT
Title software engineering: A practitioner's approach
250 ## - EDITION STATEMENT
Edition statement 8th ed.
260 ## - PUBLICATION, DISTRIBUTION, ETC. (IMPRINT)
Place of publication, distribution, etc New Delhi
Name of publisher, distributor, etc Mcgraw Hill Education (India)
Date of publication, distribution, etc 2015
300 ## - PHYSICAL DESCRIPTION
Pages 941 p.
500 ## - GENERAL NOTE
General note 2395 30/09/2016 HBD16/6693 14/10/2016 UIET (SFS)
942 ## - ADDED ENTRY ELEMENTS (KOHA)
Koha item type Books
Holdings
Withdrawn status Lost status Damaged status Not for loan Location (home branch) Sublocation or collection (holding branch) Shelving location Date acquired Koha issues (times borrowed) Koha full call number Accession No. Koha date last seen Koha item type
        VIVEKANANDA LIBRARY VIVEKANANDA LIBRARY UIET Library 07/11/2016 1 005.1 P926S(8) 358836 26/02/2026 Books
        VIVEKANANDA LIBRARY VIVEKANANDA LIBRARY UIET Library 07/11/2016 1 005.1 P926S(8) 358837 25/10/2023 Books
        VIVEKANANDA LIBRARY VIVEKANANDA LIBRARY UIET Library 07/11/2016   005.1 P926S(8) 358838 17/09/2023 Books
        VIVEKANANDA LIBRARY VIVEKANANDA LIBRARY UIET Library 07/11/2016   005.1 P926S(8) 358839 17/09/2023 Books
© Designed and Maintained by Vivekananda Library, MDU Rohtak